Elementos químicos - Statistics

Estatísticas Gerais
  • Esse quiz foi jogado 272 vezes
  • A pontuação média é 10 de 15
Estatísticas das Respostas
Imagem Resposta % Correto
Ouro
100%
Ferro
96%
Hélio
95%
Sódio
92%
Alumínio
90%
Cálcio
85%
Potássio
85%
Mercúrio
84%
Cloro
69%
Carbono
67%
Néon
59%
Urânio
50%
Chumbo
30%
Tungsténio
27%
Cromo
18%
Nenhum quiz correspondente encontrado
Distribuição das Pontuações
Porcentagem de Pessoas com Cada Pontuação
Percentil de Números Respondidos
Sua Pontuação Histórica
Você não jogou esse quiz